000
00383nam a2200169Ia 4500
008
220531s9999 xx 000 0 und d
041
_a
eng
082
_b
TIL
100
_a
Tilak, Raghukul
_9
37976
245
_a
Kanthapura
260
_b
Rama
_c
1995
300
_a
151
542
_d
28-11-1997
650
_a
English
_9
37977
906
_d
1997-1998
_f
5583
999
_c
23042
_d
23042